Paediatrics in the tropics : (Record no. 122421)

MARC details
000 -LEADER
fixed length control field 00686nam a22002297a 4500
005 - DATE AND TIME OF LATEST TRANSACTION
control field 20170124105909.0
010 ## - LIBRARY OF CONGRESS CONTROL NUMBER
LC control number A-302866
020 ## - INTERNATIONAL STANDARD BOOK NUMBER
International Standard Book Number 0194424103
Terms of availability 00
035 ## - SYSTEM CONTROL NUMBER
System control number A-302866
037 ## - SOURCE OF ACQUISITION
Source of stock number/acquisition Cen Lib/Ret
040 ## - CATALOGING SOURCE
Original cataloging agency DPL
Language of cataloging EN
082 ## - DEWEY DECIMAL CLASSIFICATION NUMBER
Classification number 618.9
245 ## - TITLE STATEMENT
Title Paediatrics in the tropics :
Remainder of title current review /
Statement of responsibility, etc edited by R.G. Hendrickse
260 ## - PUBLICATION, DISTRIBUTION, ETC. (IMPRINT)
Place of publication, distribution, etc London
Name of publisher, distributor, etc Oxford University Press
Date of publication, distribution, etc 1981
270 ## - ADDRESS
Address Oxford OX2 6DP
City Walton Street
300 ## - PHYSICAL DESCRIPTION
Extent xii, 375p.:
Dimensions 25cm(Hb)
Other physical details ill.
500 ## - GENERAL NOTE
General note Includes index
650 ## - SUBJECT ADDED ENTRY--TOPICAL TERM
Topical term or geographic name as entry element Medicine
9 (RLIN) 3881
650 ## - SUBJECT ADDED ENTRY--TOPICAL TERM
Topical term or geographic name as entry element Children (Helth and hygenes)
9 (RLIN) 142868
700 ## - ADDED ENTRY--PERSONAL NAME
Personal name Hendrickse, R.G.
9 (RLIN) 9980
942 ## - ADDED ENTRY ELEMENTS (KOHA)
Source of classification or shelving scheme Dewey Decimal Classification
Koha item type English Books
Classification part 618.9
Call number suffix PAE
Holdings
Withdrawn status Lost status Damaged status Not for loan Collection code Home library Current library Date acquired Source of acquisition Cost, normal purchase price Total Checkouts Full call number Barcode Date last seen Copy number Cost, replacement price Price effective from Koha item type
      Not For Loan Reference Central Library Central Library 22/05/2015 Cen Lib/Ret 0.00   618.9 PAE A-302866 22/05/2015 1 0.00 15/09/2016 English Books

© Delhi Public Library
Hit Counter
free hit counter